| 000 | 00528nam a22001817a 4500 | ||
|---|---|---|---|
| 005 | 20240404144651.0 | ||
| 010 | _aENG-140031 | ||
| 020 |
_a9780063215009 _c450.00 |
||
| 035 | _aEN-123563 | ||
| 037 | _bDBAD | ||
| 082 | _a158.1 | ||
| 100 |
_aRawat,Prem _964305 |
||
| 245 |
_aHear Yourself: _bHow To Find Peace In A noisy World/ _cby Prem Rawat |
||
| 260 |
_aNoida _bHarper Collins Publishers _c2021 |
||
| 270 |
_aA-75, Sector-57 _bNoida _e201301 |
||
| 300 |
_a260p. _c21(pb) |
||
| 942 |
_2ddc _cEN _mRAW _h158.1 |
||
| 999 |
_c177254 _d177254 |
||